Why we dream : (Record no. 544)

MARC details
000 -LEADER
fixed length control field 00573nam a22002057a 4500
005 - DATE AND TIME OF LATEST TRANSACTION
control field 20230828103416.0
008 - FIXED-LENGTH DATA ELEMENTS--GENERAL INFORMATION
fixed length control field 230808b |||||||| |||| 00| 0 eng d
020 ## - INTERNATIONAL STANDARD BOOK NUMBER
International Standard Book Number 9781509836277
040 ## - CATALOGING SOURCE
Original cataloging agency KMU
Transcribing agency KMU
Modifying agency KMU
Description conventions rda
050 ## - LIBRARY OF CONGRESS CALL NUMBER
Classification number BP 605.S4
100 ## - MAIN ENTRY--PERSONAL NAME
Personal name Alice Robb
245 ## - TITLE STATEMENT
Title Why we dream :
Remainder of title The science, creativity and transformative power of dreams /
Statement of responsibility, etc. Robb, Alice.
260 ## - PUBLICATION, DISTRIBUTION, ETC.
Place of publication, distribution, etc. UK :
Name of publisher, distributor, etc. Picador,
Date of publication, distribution, etc. c2018.
300 ## - PHYSICAL DESCRIPTION
Extent 270 p. :
Dimensions 20 cm.
650 ## - SUBJECT ADDED ENTRY--TOPICAL TERM
Topical term or geographic name entry element Dreams.
650 ## - SUBJECT ADDED ENTRY--TOPICAL TERM
Topical term or geographic name entry element Rest.
650 ## - SUBJECT ADDED ENTRY--TOPICAL TERM
Topical term or geographic name entry element Sleep.
650 ## - SUBJECT ADDED ENTRY--TOPICAL TERM
Topical term or geographic name entry element Dreams--Physiological aspects.
942 ## - ADDED ENTRY ELEMENTS (KOHA)
Source of classification or shelving scheme Library of Congress Classification
Koha item type Non-Fiction
Suppress in OPAC No
Holdings
Withdrawn status Lost status Source of classification or shelving scheme Damaged status Not for loan Collection Home library Current library Shelving location Date acquired Source of acquisition Total Checkouts Total Renewals Full call number Barcode Date last seen Date last checked out Price effective from Koha item type
    Library of Congress Classification     Non-fiction Kapasa Makasa University Kapasa Makasa University Open Access 08.08.2023 CBU 4 1 BP 605.S4 Rob 300288 24.11.2025 27.02.2025 08.08.2023 Non-Fiction
    Library of Congress Classification     Non-fiction Kapasa Makasa University Kapasa Makasa University Open Access 08.08.2023 CBU 5   BP 605.S4 Rob 300287 03.06.2026 30.04.2026 08.08.2023 Non-Fiction